| 000 | 00577cam a2200229 4500 | ||
|---|---|---|---|
| 001 | L159606 | ||
| 008 | 040319n2003 000 0 eng u | ||
| 035 | _a(Sirsi) u159606 | ||
| 041 | _aeng | ||
| 050 | _c18 | ||
| 245 | _atemp | ||
| 260 |
_aWatford _bBRE _c2003 |
||
| 300 |
_a4p. _c30cm. |
||
| 650 | _aLOUVRES | ||
| 650 | _aLIGHT SHELVES | ||
| 650 | _aBUILDING REGULATIONS 2000 APPROVED DOCUMENT L2 (2002 EDITION) | ||
| 650 | _aSOLAR SHADING | ||
| 650 | _aSUNLIGHT | ||
| 651 | 4 | _aENGLAND AND WALES | |
| 690 | _aBUILT ENVIRONMENT-CONSTRUCTION DESIGN | ||
| 942 | _n0 | ||
| 999 |
_c116042 _d116042 |
||